Bintang hatiku

Bibliographic Details
Main Author: Khairuddin Ayip
Format: Book
Published: Kuala Lumpur : 'K' Publishing and Distributor , 1989
Subjects:

MARC

LEADER 00000cam a2200000 7i4500
001 0000003360
005 20050422.0
020 |a 9838520683 
040 |a INS 
090 0 0 |a PL5139   |b K 1989 
100 1 |a Khairuddin Ayip 
245 1 0 |a Bintang hatiku   |c Khairuddin Ayip 
260 |a Kuala Lumpur :   |b 'K' Publishing and Distributor ,   |c 1989 
300 |a 127ms. ;   |c 18 cm. 
650 0 0 |a Malay fiction 
650 0 0 |a Malay literature 
999 |a 0000004300   |b BOOK   |c Open Shelf   |e Default branch